Economic bulletins (Record no. 114693)

MARC details
000 -LEADER
fixed length control field 00781cad a22002055a 4500
001 - CONTROL NUMBER
control field L157274
008 - FIXED-LENGTH DATA ELEMENTS--GENERAL INFORMATION
fixed length control field 121009s2012 xxk f 001 0 eng d
035 ## - SYSTEM CONTROL NUMBER
System control number (Sirsi) u157274
041 0# - LANGUAGE CODE
Language code of text/sound track or separate title eng
110 2# - MAIN ENTRY--CORPORATE NAME
Corporate name or jurisdiction name as entry element Franklin and Andrews
9 (RLIN) 2518
245 00 - TITLE STATEMENT
Title Economic bulletins
Medium [electronic resource]
520 ## - SUMMARY, ETC.
Summary, etc. Regular economic bulletins for the construction industry, highlighting significant cost issues for the UK and around the globe.
521 ## - TARGET AUDIENCE NOTE
Target audience note Advanced
651 #4 - SUBJECT ADDED ENTRY--GEOGRAPHIC NAME
Geographic name United Kingdom
Chronological subdivision
651 #4 - SUBJECT ADDED ENTRY--GEOGRAPHIC NAME
Geographic name International
690 ## - LOCAL SUBJECT ADDED ENTRY--TOPICAL TERM (OCLC, RLIN)
Topical term or geographic name as entry element Cost management
9 (RLIN) 6233
690 ## - LOCAL SUBJECT ADDED ENTRY--TOPICAL TERM (OCLC, RLIN)
Topical term or geographic name as entry element Construction management
9 (RLIN) 6230
856 40 - ELECTRONIC LOCATION AND ACCESS
Uniform Resource Identifier <a href="https://www.franklinandrews.com/publications/economicbulletin/">https://www.franklinandrews.com/publications/economicbulletin/</a>
Public note Register to receive the free economic bulletins by email at www.franklinandrews.com
942 ## - ADDED ENTRY ELEMENTS (KOHA)
Suppress in OPAC 0
Holdings
Withdrawn status Lost status Source of classification or shelving scheme Damaged status Not for loan Home library Current library Shelving location Date acquired Total Checkouts Full call number Barcode Date last seen Copy number Price effective from Koha item type
    Dewey Decimal Classification     Virtual Virtual Online 09/10/2012   ONLINE PUBLICATION 157274-2001 06/08/2019 1 06/08/2019 Book